| 000 | 00802nam a2200229Ia 4500 | ||
|---|---|---|---|
| 003 | GCL | ||
| 008 | 140319s9999 xx 000 0 ara d | ||
| 040 |
_aGCL / _cGCL |
||
| 082 | 0 | 4 |
_a646.72 _bج ص |
| 100 | 1 | _aجعفر طه الهاشمى | |
| 245 | 1 | 0 |
_aصناعة مواد التجميل المعتمدة على الاعشاب والمواد المصنعة : _bالجزء الثانى / _cجعفر طه الهاشمى |
| 250 | _aالاولى | ||
| 260 |
_aسوريا : _bدار الصفا ، _c1997 |
||
| 300 |
_a287 ص ؛ _c25 سم |
||
| 650 | 0 | 4 | _aمستحضرات التجميل |
| 650 | 0 | 4 | _aالمكياج |
| 650 | 0 | 4 | _aالمرأة - تجميل |
| 650 | 0 | 4 | _aالشعر - تصفيف |
| 650 | 0 | 4 | _aالبشرى - تجميل |
| 650 | 0 | 4 | _aالاظافر - تجميل |
| 942 |
_2ddc _cBK |
||
| 999 |
_c6452 _d6452 |
||